000 00462nam a22001697a 4500
005 20240109125905.0
008 220226b ||||| |||| 00| 0 eng d
020 _a978-81-85790-60-2
041 _aeng
082 _a615.19
_bGAU-N
100 _aSURANA DR. S.J , TALELE DR.G.S TALELE MRS DR. SWATI G AND GOKHALE S.B
_98348
245 _aNATURAL EXCIPIENTS
260 _aPUNE
_bNIRALI PRAKASHAN
300 _a1.2;p
650 _aPHARMACY
_xB.PHARMA
942 _cBK
999 _c7991
_d7989